Wild tracks ! : (Record no. 8453)

MARC details
000 -LEADER
fixed length control field 00982nam a22002897a 4500
001 - CONTROL NUMBER
control field 8453
003 - CONTROL NUMBER IDENTIFIER
control field FISKH
005 - DATE AND TIME OF LATEST TRANSACTION
control field 20250912122456.0
008 - FIXED-LENGTH DATA ELEMENTS--GENERAL INFORMATION
fixed length control field 250912b cb ||||| |||| 00| 0 eng d
020 ## - INTERNATIONAL STANDARD BOOK NUMBER
International Standard Book Number 9780545575669
040 ## - CATALOGING SOURCE
Original cataloging agency FISKH
Language of cataloging eng
Transcribing agency FISKH
Modifying agency FISKH
050 ## - LIBRARY OF CONGRESS CALL NUMBER
Classification number QL768 .A77
082 ## - DEWEY DECIMAL CLASSIFICATION NUMBER
Classification number 591.47
100 ## - MAIN ENTRY--PERSONAL NAME
Personal name Arnosky, Jim
245 ## - TITLE STATEMENT
Title Wild tracks ! :
Remainder of title A guide to nature's footprints /
Statement of responsibility, etc. By Jim Arnosky
250 ## - EDITION STATEMENT
Edition statement First Scholatic printing, March 2013
260 ## - PUBLICATION, DISTRIBUTION, ETC.
Place of publication, distribution, etc. New York :
Name of publisher, distributor, etc. Scholastic ,
Date of publication, distribution, etc. 2008.
300 ## - PHYSICAL DESCRIPTION
Extent 32 pages :
Other physical details color illustrations ;
Dimensions 29 cm .
505 ## - FORMATTED CONTENTS NOTE
Formatted contents note Z <br/>
520 ## - SUMMARY, ETC.
Summary, etc. Learn how to read the secret language of animal tracks. Find out how to tell how fresh tracks are, which animals made them, how fast they might have been traveling, and more.
521 8# - TARGET AUDIENCE NOTE
Target audience note 1040 <br/>
Source Lexile <br/>
521 8# - TARGET AUDIENCE NOTE
Target audience note Z <br/>
Source Ra-Plus <br/>
650 ## - SUBJECT ADDED ENTRY--TOPICAL TERM
Topical term or geographic name entry element Animal tracks
Form subdivision Non-fiction
650 ## - SUBJECT ADDED ENTRY--TOPICAL TERM
Topical term or geographic name entry element Living things
Form subdivision Non-fiction
942 ## - ADDED ENTRY ELEMENTS (KOHA)
Source of classification or shelving scheme Dewey Decimal Classification
Koha item type Books
Suppress in OPAC No
Holdings
Withdrawn status Lost status Source of classification or shelving scheme Damaged status Not for loan Collection Home library Current library Shelving location Date acquired Total Checkouts Full call number Barcode Date last seen Price effective from Koha item type
    Dewey Decimal Classification     Non-Fiction Footprints International School Library Network Toul Tom Poung Campus Footprints International School Library Network Toul Tom Poung Campus TTP Secondary Non-Fiction Bookshelves 09/12/2025   ARN 591.47 QL768 .A77 FIS05097 09/12/2025 09/12/2025 Books